000 006040000a22001810004500
003 MACL
005 20160531123134.0
008 160531b xxu||||| |||| 00| 0 eng d
040 _aMACL
_cMACL
041 _aHindi
082 _a900 UPA
100 _aउपाध्‍याय, मधुकर
_955216
245 _aधुंधले पदचिहन्‍ा
_bदांडी मार्च के 75 साल 1930-2005
_cमधुकर उपाध्‍याय
260 _c2005
_aनई दिल्‍ली
350 _a300
650 _aHistory
_960965
942 _cHIN
_k900
_2ddc
999 _c12486
_d12486